Scènes d'ouverture films Star Wars par images - Statistiques

Statistiques générales
  • Ce quiz a été pris 394 fois
  • Le résultat moyen est 7 sur 9
Statistiques - réponses
Par images Réponse % Correct
La Revanche des Sith
92%
Le Retour du Jedi
89%
L'Empire contre-attaque
85%
Un nouvel espoir
83%
L'Attaque des clones
81%
La Menace fantôme
74%
L'Ascension de Skywalker
60%
Le Réveil de la Force
60%
Les Derniers Jedi
60%
Aucun quiz correspondant
Distribution des résultats
% des personnes avec chaque résultat
Percentile par nombre de réponses
Votre historique - résultats
Vous n’avez pas pris ce quiz